| 000 | 00500nam a2200157Ia 4500 | ||
|---|---|---|---|
| 008 | 140626s9999 xx 000 0 und d | ||
| 245 | _aStatement of the Psychological Association of the Philippines on non-discrimination based on sexual orientation, gender identity and expression. | ||
| 260 | _cc2011. | ||
| 300 | _a44 : 1, page 229 | ||
| 440 | _aPhilippine Journal of Psychology | ||
| 521 | _aPSYCH | ||
| 650 | _aCivil rights. | ||
| 650 | _aHomosexuality. | ||
| 650 | _aLGBT. | ||
| 942 | _cSE | ||
| 999 |
_c121378 _d121378 |
||